000 00233nam a2200097Ia 4500
008 170619s9999 xx 000 0 und d
100 _aSaran- S
245 0 _aAnalysis & Design of Substrutures
260 _bOxford & IBH Pub.
260 _c1998
546 _aENGLISH
999 _c20931
_d20931